All Pharrell Williams Songs - Statistics

General Stats
  • This quiz has been taken 62 times
    26 since last reset
  • The average score is 16 of 80
Answer Stats
Album Song % Correct
G I R L Happy
90%
Despicable Me 4: Original Motion Picture Soundtrack Double Life
76%
Despicable Me: Original Motion Picture Soundtrack Despicable Me
62%
Piece by Piece - Music from the Motion Picture Piece by Piece
57%
Despicable Me 2: Original Motion Picture Soundtrack Just a Cloud Away
48%
Single #2 Freedom!
38%
Despicable Me: Original Motion Picture Soundtrack Fun, Fun, Fun
38%
In My Mind Angel
29%
In My Mind Best Friend
29%
Single #9 Doctor (Work It Out)
29%
The Neptunes Present...Clones Frontin'
29%
Despicable Me 3: Original Motion Picture Soundtrack Hug Me
29%
Despicable Me: Original Motion Picture Soundtrack Prettiest Girls
29%
In My Mind That Girl
29%
Despicable Me 3: Original Motion Picture Soundtrack Yellow Light
29%
In My Mind Young Girl / I Really Like You
29%
In My Mind Baby
24%
G I R L Brand New
24%
Single #5 Cash In Cash Out
24%
Despicable Me 3: Original Motion Picture Soundtrack Chuck Berry
24%
Piece by Piece - Music from the Motion Picture It's Happening
24%
Piece by Piece - Music from the Motion Picture L'EGO Odyssey
24%
G I R L Marilyn Monroe
24%
In My Mind Number One
24%
In My Mind Raspy Sh*t
24%
Despicable Me: Original Motion Picture Soundtrack Rocket's Theme
24%
In My Mind Stay with Me
24%
Single #6 Stay with Me
24%
In My Mind Take It Off (Dim the Lights)
24%
Despicable Me 3: Original Motion Picture Soundtrack There's Something Special
24%
In My Mind Can I Have It Like That
19%
Despicable Me 3: Original Motion Picture Soundtrack Doowit
19%
Single #7 Down in Atlanta
19%
Single #4 Entrepreneur
19%
Piece by Piece - Music from the Motion Picture For Real
19%
G I R L Gush
19%
G I R L Gust of Wind
19%
In My Mind How Does It Feel?
19%
G I R L Hunter
19%
G I R L It Girl
19%
G I R L Know Who You Are
19%
G I R L Lost Queen
19%
In My Mind Our Father
19%
G I R L Smile
19%
Piece by Piece - Music from the Motion Picture VIRGINIA Boy
19%
In My Mind You Can Do It Too
19%
Hidden Figures (Soundtrack) Able
14%
Hyperion Blast Off
14%
G I R L Come Get It Bae
14%
In My Mind Keep It Playa
14%
In My Mind (The Prequel) Renegotiations
14%
In My Mind Skateboard P Presents: Show You How to Hustle
14%
In My Mind (The Prequel) When Skateboard Came
14%
Single #8 Airplane Tickets
10%
In My Mind (The Prequel) Come Go Wit Me
10%
Hidden Figures (Soundtrack) Crave
10%
Global Citizen - EP 1 E-Lo
10%
In My Mind (The Prequel) Fortified
10%
In My Mind (The Prequel) Gangsta Grillz
10%
In My Mind (The Prequel) High Rollers
10%
In My Mind (The Prequel) It Was a Great Day
10%
In My Mind (The Prequel) Lavish
10%
In My Mind (The Prequel) Liquid Swords
10%
In My Mind (The Prequel) Models in the Hood
10%
In My Mind (The Prequel) Music for the Gangstas
10%
In My Mind (The Prequel) Paid in Full
10%
In My Mind (The Prequel) Prequel Outro
10%
In My Mind (The Prequel) Reminisce
10%
Single #3 Sangria Wine
10%
Bad Boys II (Soundtrack) Show Me Your Soul
10%
In My Mind (The Prequel) Sound Boy
10%
In My Mind (The Prequel) Startrak Movement
10%
In My Mind (The Prequel) The Message
10%
In My Mind (The Prequel) The Prequel
10%
In My Mind (The Prequel) Word to the Motherland
10%
Creed II: The Album Mantra
5%
Single My Drive Thru
5%
In My Mind (The Prequel) Strung Out
5%
In My Mind Swagger International
5%
In My Mind (The Prequel) This Is the Life
0%
No matching quizzes found
Score Distribution
Percent of People with Each Score
Percentile by Number Answered
Your Score History
You have not taken this quiz since the last reset